Zdaňovanie autorských honorárov

Definícia autora podľa zákona č. 618/2003 Z. z. o autorskom práve a právach súvisiacich s autorským právom v znení neskorších predpisov. Predmet autorského práva. Zaradenie príjmu autora v zákone o dani z príjmov. Platenie poistného. Zdanenie príjmu autora. Zdanenie príjmu zo zahraničia. Praktické...

Full description

Saved in:
Bibliographic Details
Main Author: Oravcová, Martina
Format: Book Chapter
Language:Slovak
Subjects:
Tags: Add Tag
No Tags, Be the first to tag this record!

MARC

LEADER 00000naa a2200000 4500
001 0117414
005 20231109100734.9
041 0 |a slo 
044 |a SK 
245 1 0 |a Zdaňovanie autorských honorárov  |c Martina Oravcová 
520 |a Definícia autora podľa zákona č. 618/2003 Z. z. o autorskom práve a právach súvisiacich s autorským právom v znení neskorších predpisov. Predmet autorského práva. Zaradenie príjmu autora v zákone o dani z príjmov. Platenie poistného. Zdanenie príjmu autora. Zdanenie príjmu zo zahraničia. Praktické príklady. 
610 2 0 |a dane z príjmov 
610 2 0 |a zdaňovanie 
610 2 0 |a príjmy 
610 2 0 |a honoráre 
610 2 0 |a právo autorské 
610 2 0 |a poistenie sociálne 
610 2 0 |a poistenie zdravotné 
610 2 0 |a legislatíva 
100 1 |a Oravcová, Martina